JoJo Siwa - Statistics

General Stats
  • This quiz has been taken 145 times
  • The average score is 5 of 12
Answer Stats
Question Answer % Correct
What is JoJo's favourite colour? Pink
85%
What is JoJo's first hit song? Boomerang
72%
How many dogs does JoJo have? 3
69%
What is her instagram username? itsjojosiwa
53%
Who is JoJo's brother? Jayden
49%
Who is JoJo's Mom? Jessalynn
47%
Who is JoJo's Dad? Tom
39%
What type of dog is BowBow? Teacup Yorkie
22%
What is JoJo's second youtube channel called? JoJo Siwa Vlogs
20%
What was JoJo's first solo on dance Moms called? Electricity
12%
What season and episode did JoJo first appear in on Dance Moms S5 E3
5%
When did JoJo leave Dance Moms for good? S6 E30
3%
No matching quizzes found
Score Distribution
Percent of People with Each Score
Percentile by Number Answered
Your Score History
You have not taken this quiz